Southville International School and Colleges
Your cart is empty.
  • Cart
  • Lists
    Public lists list_1 View all
    Your lists Log in to create your own lists
  • Log in to your account
  • Your cookies
  • Search history
Southville International School and Colleges
  • Advanced search
  • Recent comments
  • Most popular
  • Libraries

Log in to your account

Log in with GOOGLE


If you do not have an external account, but do have a local account, you can still log in:

  1. Home
  2. MARC view: Teaching mainstreamed, diverse, and at-risked students :
Normal view MARC view ISBD view

Teaching mainstreamed, diverse, and at-risked students : (Record no. 103367)

[ view plain ]
MARC details
000 -LEADER
fixed length control field 00893nam a2200217 a 4500
005 - DATE AND TIME OF LATEST TRANSACTION
control field 20140412111300.0
008 - FIXED-LENGTH DATA ELEMENTS--GENERAL INFORMATION
fixed length control field 010328s19uu xx 00 eng d
020 ## - INTERNATIONAL STANDARD BOOK NUMBER
International Standard Book Number 0-205-19954-2
050 ## - LIBRARY OF CONGRESS CALL NUMBER
Classification number TR(GS 371.9
Item number V38 1997
100 ## - MAIN ENTRY--PERSONAL NAME
Personal name Vaughn, Sharon
245 ## - TITLE STATEMENT
Title Teaching mainstreamed, diverse, and at-risked students :
Remainder of title in the generated education classroom /
Statement of responsibility, etc Sharon Vaughn, Candance S. Bos, Jeanne Shay Schumm.
260 ## - PUBLICATION, DISTRIBUTION, ETC. (IMPRINT)
Place of publication, distribution, etc Needham Heights, MA :
Name of publisher, distributor, etc Allyn and Bacon,
Date of publication, distribution, etc 1997.
300 ## - PHYSICAL DESCRIPTION
Extent xxvi p. ; 550p
500 ## - GENERAL NOTE
General note Includes bibliographical references and index.
650 ## - SUBJECT ADDED ENTRY--TOPICAL TERM
Topical term or geographic name as entry element Mainstreaming in education - United States
650 ## - SUBJECT ADDED ENTRY--TOPICAL TERM
Topical term or geographic name as entry element Special education - United States
650 ## - SUBJECT ADDED ENTRY--TOPICAL TERM
Topical term or geographic name as entry element Handicapped children - Education - United States
650 ## - SUBJECT ADDED ENTRY--TOPICAL TERM
Topical term or geographic name as entry element Socially handicapped children - Education - United States
650 ## - SUBJECT ADDED ENTRY--TOPICAL TERM
Topical term or geographic name as entry element Disabled children - Education - United States
Holdings
Withdrawn status Lost status Damaged status Home library Current library Shelving location Date acquired Source of acquisition Total Checkouts Full call number Barcode Date last seen Price effective from Koha item type
      Elizalde Library Elizalde Library Teachers Reference Section 03/28/2001     TR(GS 371.9 V38 1997 E4601 04/12/2014 04/12/2014 Books

Teaching mainstreamed, diverse, and at-risked students :

APA

Vaughn S., . (1997). Teaching mainstreamed, diverse, and at-risked students. Needham Heights, MA: Allyn and Bacon.

Chicago

Vaughn Sharon, . 1997. Teaching mainstreamed, diverse, and at-risked students. Needham Heights, MA: Allyn and Bacon.

Harvard

Vaughn S., . (1997). Teaching mainstreamed, diverse, and at-risked students. Needham Heights, MA: Allyn and Bacon.

MLA

Vaughn Sharon, . Teaching mainstreamed, diverse, and at-risked students. Needham Heights, MA: Allyn and Bacon. 1997.

  • Place hold
  • Print
  • Cite
  • Add to your cart (remove)
  • Save record
    BIBTEX Dublin Core MARCXML MARC (non-Unicode/MARC-8) MARC (Unicode/UTF-8) MARC (Unicode/UTF-8, Standard) MODS (XML) RIS
  • More searches
    Search for this title in:
    Other Libraries (WorldCat) Other Databases (Google Scholar) Online Stores (Bookfinder.com) Open Library (openlibrary.org)

Exporting to Dublin Core...

SOUTHVILLE LIBRARY

Southville International School and Colleges Library

1281 Tropical Ave. Cor. Luxembourg St., BF Homes International, Las Pinas City

Tel. No. 8256374 / 252358 Loc. 117/146

Powered by Koha